[Event "CHN-ch"]
[Site "Xinghua"]
[Date "2015.05.21"]
[Round "4"]
[White "Wei, Yi"]
[Black "Ding, Liren"]
[Result "1-0"]
[WhiteElo "2718"]
[BlackElo "2757"]
[Annotator "Ramirez Alvarez,A"]
[PlyCount "71"]
[EventDate "2015.05.18"]
[EventType "tourn"]
[EventRounds "11"]
[EventCountry "CHN"]
[EventCategory "15"]
[SourceTitle "CBM 167"]
[Source "ChessBase"]
[SourceDate "2015.07.13"]
[SourceVersion "1"]
[SourceVersionDate "2015.07.13"]
[SourceQuality "1"]

1. e4 e5 2. Nf3 Nc6 3. Bb5 Nf6 4. O-O Nxe4 5. d4 Nd6 6. Bxc6 dxc6 7. dxe5 Nf5
8. Qxd8+ Kxd8 9. h3 Bd7 10. Rd1 Be7 11. g4 Nh4 12. Nxh4 Bxh4 13. Nd2 Kc8 14.
Nf3 Be7 15. Rd3 h6 16. Nd4 b6 17. Rf3 Be8 18. Nf5 Bf8 19. b3 Bd7 20. Bb2 Be6
21. Nd4 Bd5 22. Re3 Bc5 23. c4 Be6 24. f4 g6 25. Rf1 Kb7 26. Kg2 Rad8 27. Rd3
$1 {This move is the start of an excellent concept. It seems as if White is
pinning himself, but this is not the end of the story.} h5 (27... Bxd4 28. Rxd4
Rdg8 $1 {Preventing the move f5, would have given Black excellent chances to
draw the game. However, h5 seemed so tempting...}) 28. Nxe6 {The point:} Rxd3
29. Nxc5+ bxc5 30. e6 {A simple attack on the rook, but it is not so easy to
deal with.} Rhd8 (30... Rf8 $2 31. Bg7 {loses instantly.}) 31. exf7 {The pawn
on f7 is still quite powerful. Black has a tough defense ahead of him.} Rd2+ $2
(31... Rf8 32. f5 $1 gxf5 33. g5 Rxf7 34. g6 Rf8 35. g7 Rg8 36. Be5 $1 {
Still is unpleasant for Black.} (36. Rxf5 $6 Rd2+ 37. Rf2 Rxb2 38. Rxb2 Rxg7+
$11)) (31... h4 32. Rf3 $1 (32. Bg7 Rg3+ 33. Kf2 Rd2+ 34. Ke1 Rgg2 {is a
computer-like draw.})) 32. Rf2 Rxf2+ 33. Kxf2 Rf8 34. f5 $1 Rxf7 35. Kg3 $1 {
This is the point of the combination.} gxf5 36. g5 {Despite Black's
overwhelming material advantage, he is completely powerless against the simple
g6-g7 followed by the forward king march. Black simply resigned before getting
zugzwnaged to death.} (36. g5 Kc8 37. g6 Rf8 38. g7 Rg8 39. Kf4 Kd7 40. Kxf5
Ke7 41. Kg6 Ke6 {and White has many ways to win. He can play Ba3-xc5-f8 and
then Kh7, trapping the rook and winning when Black runs out of moves, or
taking on h5 and making way for the h-pawn.}) 1-0

[Event "Biel GM 48th"]
[Site "Biel"]
[Date "2015.07.20"]
[Round "1"]
[White "Vachier Lagrave, Maxime"]
[Black "Eljanov, Pavel"]
[Result "1/2-1/2"]
[WhiteElo "2731"]
[BlackElo "2723"]
[Annotator "Ramirez Alvarez,A"]
[PlyCount "111"]
[EventDate "2015.07.20"]
[EventType "tourn"]
[EventRounds "10"]
[EventCountry "SUI"]
[EventCategory "19"]
[SourceTitle "CBM 168"]
[Source "ChessBase"]
[SourceDate "2015.09.14"]
[SourceVersion "1"]
[SourceVersionDate "2015.09.14"]
[SourceQuality "1"]

1. e4 e5 2. Nf3 Nc6 3. Bb5 Nf6 4. O-O Nxe4 5. d4 Nd6 6. Bxc6 dxc6 7. dxe5 Nf5
8. Qxd8+ Kxd8 9. Rd1+ Ke8 10. Nc3 Be7 11. Bg5 Bxg5 12. Nxg5 h6 13. Nge4 g5 $5 {
An interesting approach. Black severely wekens the f6 square, but he halts the
advance of White's pawns on the kingside. The computer seems to approve of
this idea, though computers aren't always the most reliable in the Berlin.} 14.
b4 {White takes a similar approach on Black's queenside pawns! However, if
this is the best MVL can do, Black should be ok.} a6 15. a4 Ke7 16. a5 Nh4 17.
Nc5 Ng6 18. f3 b6 19. Nd3 Bf5 20. Na4 Rhb8 21. Nab2 Rd8 22. Kf2 Rd4 23. Ke3 Rh4
24. h3 Ke6 25. c3 Nxe5 26. Nxe5 Kxe5 {Black managed to pick up the e-pawn, but
with an awkward rook on h4 and some problems with his queenside structure
there is no way to claim an advantage.} 27. axb6 cxb6 28. Na4 b5 (28... Rb8 $5
29. Nb2 c5 30. Rxa6 cxb4 31. c4 $1 $11) 29. Nc5 Rc4 30. Ra3 Ra7 31. g4 Bg6 32.
Nd7+ Ke6 33. Nc5+ Ke5 34. Nd7+ Ke6 35. Nc5+ Ke7 {Playing for a win, but Black
doesn't have anything real here.} 36. Rd4 Rxd4 37. Kxd4 Bc2 38. Ra2 Bd1 $6 {
this is even over-ambitious.} 39. Ke3 Ra8 40. f4 f6 41. f5 (41. Ra1 $1 gxf4+
42. Kxf4 Bc2 43. h4 $14) 41... h5 42. Ra1 Ba4 43. Nxa4 bxa4 44. Rxa4 hxg4 45.
hxg4 Kd6 {Black has an uncomfortable endgame to defend, but it is still a draw.
} 46. Kd4 Rh8 47. Rxa6 Rh4 48. b5 Rxg4+ 49. Kd3 Rg3+ 50. Kc4 Rg4+ 51. Kb3 Kc5
52. Rxc6+ Kxb5 53. Rxf6 Rf4 54. Rf8 g4 55. Rg8 Rxf5 56. Rxg4 1/2-1/2

[Event "Paris FIDE GP"]
[Site "Elancourt"]
[Date "2013.09.29"]
[Round "7"]
[White "Dominguez Perez, Leinier"]
[Black "Bacrot, Etienne"]
[Result "1/2-1/2"]
[WhiteElo "2757"]
[BlackElo "2723"]
[Annotator "Ramirez Alvarez,A"]
[PlyCount "62"]
[EventDate "2013.09.22"]
[EventType "tourn"]
[EventRounds "11"]
[EventCountry "FRA"]
[EventCategory "20"]
[SourceTitle "CBM 157"]
[Source "ChessBase"]
[SourceDate "2013.11.12"]
[SourceVersion "1"]
[SourceVersionDate "2013.11.12"]
[SourceQuality "1"]
[TimeControl "40/7200:20/3600:900+30"]
[WhiteClock "2:00:00"]
[BlackClock "2:00:00"]

1. e4 {[%emt 0:00:03]} e5 {[%emt 0:00:06]} 2. Nf3 {[%emt 0:00:14]} Nc6 {
[%emt 0:00:06]} 3. Bb5 {[%emt 0:00:07]} Nf6 {[%emt 0:00:05]} 4. O-O {[%emt 0:
00:47]} Nxe4 {[%emt 0:00:08]} 5. d4 {[%emt 0:00:05]} Nd6 {[%emt 0:00:08]} 6.
Bxc6 {[%emt 0:00:15]} dxc6 {[%emt 0:00:03]} 7. dxe5 {[%emt 0:00:05]} Nf5 {
[%emt 0:00:06]} 8. Qxd8+ {[%emt 0:00:08]} Kxd8 {[%emt 0:00:05]} 9. h3 {[%emt 0:
00:07]} Ke8 {[%emt 0:00:31]} 10. Nc3 {[%emt 0:00:36]} h5 {[%emt 0:00:11]} 11.
Bf4 {[%emt 0:00:57]} Be7 {[%emt 0:01:43]} 12. Rad1 {[%emt 0:00:16]} Be6 {
[%emt 0:01:29]} (12... Nh4 13. Nxh4 Bxh4 14. Ne2 Bd7 15. Rfe1 Rd8 16. Nd4 Bc8
17. c3 Rd5 18. e6 Bf6 19. exf7+ Kxf7 20. Bxc7 g5 21. Nf3 Rxd1 22. Rxd1 Re8 23.
Nd2 b5 24. f3 Bf5 25. Kf2 Re7 26. Bd8 Rd7 27. Bxf6 Bc2 28. Rg1 Rxd2+ 29. Ke3
Rd5 30. Bh8 Kg8 31. c4 bxc4 32. Bc3 Kf7 33. Rc1 Bd3 34. h4 gxh4 35. Rh1 Rg5 36.
Kf2 Rd5 37. Rxh4 Ke6 38. Rh2 a5 39. Kg3 a4 40. a3 Rg5+ 41. Kh4 Rd5 42. Rh1 {
Adams,M (2740)-Andreikin,D (2727) Dortmund 2013 1-0 (64)}) 13. Ng5 {[%emt 0:00:
27]} Rh6 {[%emt 0:03:15]} 14. Rfe1 Bb4 {[%emt 0:05:08]} 15. g4 {[%emt 0:00:50]}
hxg4 {[%emt 0:00:44]} 16. hxg4 {[%emt 0:00:06]} Ne7 {[%emt 0:25:10]} 17. Nxe6 {
[%emt 0:08:33]} Rxe6 {[%emt 0:01:06]} 18. Re3 $146 {[%emt 0:00:10]} (18. Kg2
Bxc3 19. bxc3 Rd8 20. Rb1 b5 21. Kg3 Rd5 22. c4 Rc5 23. Re4 a6 24. Rb3 Ng6 25.
Ra3 f6 26. Rxa6 Nxf4 27. Kxf4 Rexe5 28. Rxe5+ fxe5+ 29. Kf5 Kf7 30. Ra7 g6+ 31.
Kg5 e4+ 32. Kh6 Rxc4 33. Rxc7+ Ke6 34. g5 Rxc2 35. Kxg6 Rxf2 36. Rxc6+ Kd5 37.
Rb6 Kc5 38. Re6 Kd4 39. Rd6+ Kc5 40. Re6 Kd4 41. Rd6+ Kc5 42. Re6 {1/2-1/2 (42)
Karjakin,S (2786)-Grischuk,A (2764) Moscow 2013}) 18... Rg6 {[%emt 0:04:07]}
19. Rg3 {[%emt 0:05:39]} Bxc3 {[%emt 0:04:51] This Berlin defense went in
completely the wrong way for the Cuban. His structure was shattered in the
queenside early on while Black's pieces became active. With his kingside pawn
expanse blocked on the light squares and being saddled with a dark squared
bishop, it was only Black that had any hopes of being better. However Bacrot
seemed to think that White's position was solid enough and forced a repetition
in a position where maybe he could have at least played on for a few more
moves.} 20. bxc3 {[%emt 0:00:17]} Rd8 {[%emt 0:00:23]} 21. Rxd8+ {[%emt 0:49:
19]} Kxd8 {[%emt 0:00:15]} 22. Kg2 {[%emt 0:03:05]} c5 {[%emt 0:08:56]} 23. Bc1
{[%emt 0:04:32]} Ra6 {[%emt 0:11:56]} 24. a3 {[%emt 0:00:29]} Ra4 {[%emt 0:00:
28]} 25. f4 {[%emt 0:03:42]} g6 {[%emt 0:07:24]} 26. Rd3+ {[%emt 0:09:27]} Ke8
{[%emt 0:00:08]} 27. Kf3 {[%emt 0:00:34]} b6 {[%emt 0:05:35]} 28. Rd1 {[%emt 0:
08:24]} Rc4 {[%emt 0:02:07]} 29. Bd2 {[%emt 0:01:50]} Ra4 {[%emt 0:06:50]} 30.
Bc1 {[%emt 0:00:47]} Rc4 {[%emt 0:00:02]} 31. Bd2 {[%emt 0:00:09]} Ra4 {
[%emt 0:00:05]} 1/2-1/2

[Event "Tashkent FIDE GP"]
[Site "Tashkent"]
[Date "2014.10.21"]
[Round "1"]
[White "Kasimdzhanov, Rustam"]
[Black "Jakovenko, Dmitrij"]
[Result "1/2-1/2"]
[WhiteElo "2706"]
[BlackElo "2747"]
[Annotator "Ramirez Alvarez,A"]
[PlyCount "121"]
[EventDate "2014.10.21"]
[EventType "tourn"]
[EventRounds "11"]
[EventCountry "UZB"]
[EventCategory "21"]
[SourceTitle "CBM 163"]
[Source "ChessBase"]
[SourceDate "2014.11.11"]
[SourceVersion "1"]
[SourceVersionDate "2014.11.11"]
[SourceQuality "1"]

1. e4 e5 2. Nf3 Nc6 3. Bb5 Nf6 4. O-O Nxe4 5. Re1 Nd6 6. Nxe5 Be7 7. Bf1 Nxe5
8. Rxe5 O-O 9. Nc3 Ne8 10. Nd5 Bd6 11. Re2 c6 12. Ne3 Bc7 13. Nf5 d5 14. Ne7+
Kh8 15. Nxc8 Rxc8 16. d3 Nf6 {A brilliant novelty changing the evaluation of
the Berlin Defense. No, just kidding, the position is still just equal.} (16...
f5 17. g3 Qf6 18. Bd2 Nd6 19. Bc3 d4 $2 {Vachier-Lagrave, Maxime - Giri, Anish;
Biel 2014 1-0}) 17. g3 Ng4 18. h3 (18. Bh3 f5 {and the computers are giving
White an edge, but I do not know why.}) 18... Nf6 19. Bd2 Qd7 20. Bg2 Rce8 21.
Rxe8 Rxe8 22. Qf3 Kg8 23. Re1 Rxe1+ 24. Bxe1 Qe6 25. Kf1 g6 26. Qe2 h5 27. Bd2
Ne8 28. c4 Be5 29. b3 Nf6 30. Qe3 a6 31. Bb4 Kg7 32. a4 Bb2 33. Bd2 Qd6 34. b4
Nd7 35. cxd5 cxd5 36. a5 Nf6 37. Bf3 Qd7 38. Kg2 Qf5 39. Qe2 Bd4 40. g4 hxg4
41. hxg4 Qe6 42. g5 Ng8 43. Bg4 Qxe2 44. Bxe2 Ne7 45. Bd1 f6 46. gxf6+ Kxf6 47.
Ba4 Nf5 48. b5 axb5 49. Bxb5 Nh4+ 50. Kf1 Nf3 51. Bb4 g5 52. Ke2 Ne5 53. Bd2
Kf5 54. Ba4 Kf6 55. Bb3 Ke6 56. Ba4 Kf6 57. Bb5 Kf5 58. Be8 Kf6 59. Ba4 Kf5 60.
f3 Kf6 61. Bb3 1/2-1/2

[Event "Redbus KO"]
[Site "Southend"]
[Date "2000.??.??"]
[Round "1.1"]
[White "Rowson, Jonathan"]
[Black "Miles, Anthony John"]
[Result "1-0"]
[WhiteElo "2499"]
[BlackElo "2579"]
[Annotator "Rowson,J"]
[PlyCount "73"]
[EventDate "2000.04.21"]
[EventType "k.o."]
[EventRounds "4"]
[EventCountry "ENG"]
[SourceTitle "CBM 076"]
[Source "ChessBase"]
[SourceDate "2000.05.31"]
[SourceVersion "1"]
[SourceVersionDate "2000.05.31"]
[SourceQuality "1"]

{[%mdl 4101]} 1. e4 e5 2. Nf3 Nc6 3. Bb5 Nf6 4. O-O Nxe4 5. d4 Nd6 6. Bxc6 dxc6
7. dxe5 Nf5 8. Qxd8+ Kxd8 {Miles has been playing this system for decades with
an intimidating success rate. It was no surprise that he should wheel it out
against me in the context of a two game match because Black has excellent
winning chances if White plays inaccurately but retains fair drawing chances
even if White plays very well. That said, I had heard Mickey Adams comment
that "strong players always win this ending as White" and it has recently
become fairly clear how White should set about playing this ending.} 9. Nc3 Ke8
{[%csl Ra2,Rb2,Rc2,Re8][%cal Gc8e6,Ge6d5,Gf8b4] I think the reason that so
many players mess up this ending when playing White is that they confuse it
with an exchange Ruy Lopez where White is trying to exchange pieces and slowly
win with the "extra" pawn on the kingside. Such an approach ignores the most
pertinent factors in this position, namely the vunerability of black's king
(despite being on e8, it still can't castle-it's easy to forget this, but
important to remember!), White's space advantage(hard for Black to find good
posts for all three minor pieces) White's light sqaured weaknesses(pawn fixed
on e5, no light squared bishop) and Black's long term superiority on the
queenside(4v3; Black cannot force a passed pawn, but can create weaknesses by
gaining space there). In general White should be trying to prevent the Black
pieces from coordinating effectively(e.g avoid being forced to defend c2 or e5
passively), keep both knights on the board(good for hassling the bishops and
keeping control of the light squares) and avoid the exchange of rooks(keeps
pressure on the black king). Whilst doing so, White should wait for a suitable
moment to advance the kingside pawns without allowing counterplay based on ...
h5 or...f5.} 10. h3 $1 {[%cal Gg2g4] Trendy and effective. g4 is now a serious
option and Black has to commit himself. I prefer this to} (10. b3 {which is
also playable but then White loses some flexibility on the queenside.}) 10...
Bb4 11. Ne4 $1 (11. Bd2 $2 Bxc3 12. Bxc3 c5 $11 {This is typical of what White
should avoid. Black's light square control renders the white kingside majority
rather useless and, because of the e5 pawn, black's remaining bishop is much
more effective than white's.}) 11... Be6 12. c3 $1 {[%csl Ra2,Rd3,Re8] From a
structural point of view this is not a move White wants to play because a2 is
now awkward to defend(when the pawn is still on c2 I can trap the munching
bishop on a2 with b3) and d3 is weakened. However, it is important to keep the
initiative and this seems the only way to do it.} (12. Bd2 Bd5 13. Rfe1 Bxd2
14. Nfxd2 h5 {[%cal Gh5h4,Ge8e7] was approximately equal in Plaskett-Miles,
4NCL, Birmingham, March 2000. I think Black should have followed up with a
quick h5-h4 crippling the white kingside after which Black's "vunnerable" king
in the centre could yet prove to be an important asset. Indeed, the relative
strength/weakness of the Black king is in some ways a microcosm of this line
as a whole. As long as White has the initiative the king is vulnerable but as
soon as the initiative is soaked up the Black king can be very well placed in
the centre.}) 12... Bf8 $6 {Perhaps too ambitious. What follows are just some
plausible lines if Black played the more natural retreat.} (12... Be7 13. g4 (
13. Re1 $14 h6 14. b3 (14. Bf4 $5 a5 (14... h5 15. Bg5 $14) 15. g4 Nh4 16. Nxh4
Bxh4 17. Bg3 Be7 18. f4 $36) 14... Rd8 15. Bb2 Kd7 $5 $13) 13... Nh4 14. Nxh4
Bxh4 15. Bg5 (15. Bf4 $5) 15... Bxg5 16. Nxg5 Bd5 {Black is not worse here.
The main problem for White is that the e pawn has travelled too far too fast
and Black's centralised king can easily take care of it. This variation gives
a further example of the dangers of applying the wisdom of the exchange Ruy
Lopez(where the pawn is on e4 and the black king is, normally, on the
queenside) to this, distinctive ending.} 17. f4 (17. Rfe1 h5 18. Ne4 hxg4 19.
hxg4 Ke7 $15 {Black's active pieces more than compensate for White's potential
kingside majority.}) 17... h5 18. Nf3 hxg4 19. hxg4 Ke7 20. Kg2 Rad8 21. Rad1
Bxa2 22. Ra1 Bc4) 13. g4 $1 {Time is on Black's side; it is important to make
full use of the initiative.} Ne7 14. Ng3 $1 {[%csl Gh5][%cal Rh7h5,Gg3h5] An
imporant move which keeps Black cramped. Curiously, I remember that GM Paul
Motwani told me in 1993 that the reason he didn't like this ending for Black
was because of the manouvre Nc3-e4-g3-h5 after which Black's king on e8 can
feel very uncomfortable.} Ng6 ({In the first ten minute play-off, Miles tried
to improve with} 14... Bd5 {However, after} 15. Nd4 c5 16. Nc2 f6 17. exf6 gxf6
18. Bf4 Rc8 19. Ne3 Bc6 20. Rfe1 Kf7 21. Nh5 Ng6 22. Bg3 Bd6 23. Bxd6 cxd6 24.
Nf5 Rhd8 25. Nh6+ Kf8 26. Re6 {Black's king wasn't any happier.}) 15. Re1 Bd5
16. Nd4 Nh4 17. Bg5 Nf3+ 18. Nxf3 Bxf3 {[%cal Gf3d5,Gd5e6]} 19. c4 $1 {[%csl
Rf3] An important move, keeping e5-e6 as a dangerous threat while preventing
any blockade based on ...Bd5-e6.} c5 $2 {This non-developing pawn move is
asking a bit much of Black's position and looks like the decisive mistake.} (
19... Bb4 {is the safest move.} 20. Re3 Bd2 21. Rxf3 Bxg5 22. Ne4 Be7 23. Rd1
$16 {White is firmly in the driving seat here and Black has very little to be
happy about. Nonetheless, with careful defence Black has reasonable drawing
chances.}) (19... h6 20. Bd2 Rd8 21. Bc3 b5 {is a much more energetic defence
but} 22. Re3 Rd1+ 23. Rxd1 Bxd1 24. b3 $5 {leaves White at least a little
better-Black still has problems developing and defending the kinside.}) 20. Nh5
$1 {[%csl Re8] Black is in a bit of tangle and his pieces are not helping each
other.} h6 {This doesn't seem to help, but how else can Black deal with the
crude threat of doubling on the d-file and mating on d8?} (20... Rg8 21. Re3
Bc6 22. Rd1 Be7 (22... h6 23. Nf6+ gxf6 24. exf6+ Be7 25. Rxe7+ Kf8 26. Bxh6+)
23. Bxe7 Kxe7 24. Red3 $16 {This is worse than it looks for Black, and it
doesn't even look very good.}) 21. Bh4 $1 {I was pleased with this move
because it is much more effective than it is pretty and in general I am easily
swooned by pretty chess. Here I dearly wanted to keep the "wholesome harmony"
with Bd2-c3 but I was sure that this may let Black off the hook. Moreover, I
didn't see any alternative to moves he now comes up with after Bh4 and he has
more options against Bd2.} (21. Bd2 Rd8 22. Bc3 Ke7 $5 23. e6 Rg8 {A further
reason to avoid such a line is that these peculiar defensive moves seem to
come very naturally to my opponent.} 24. Nf4 g5 25. Nh5 Rg6 {What can you say?
At the risk of relative mundacity, Black seems to be holding here.}) 21... g5
22. Bg3 Be7 23. e6 $1 {The most convincing way to release the latent energy in
White's position.} fxe6 24. Rxe6 Kd7 (24... Kf7 {gives me all sorts of
promising ideas, but it may have been a more stubborn defence.} 25. Rae1 Rae8
26. R6e5 $5 (26. Ng7 Kxg7 27. Be5+ Bf6 $1 28. Bxf6+ Kf7 29. Be7 Bc6 30. R6e5
$16) 26... Rhf8 27. Rf5+ Kg8 28. Rfe5 Kf7 29. R5e3 Bc6 30. Bxc7 $16 b6 {
Black should be lost, but it's not so easy to make him resign in the near
future.}) 25. Rae1 Bd8 (25... Bd6 26. Nf6+ Kc6 27. Bxd6 cxd6 28. R6e3 $18 {
I was pleasantly amused by this cheeky line, where the wayward bishop gets
what it deserves.}) 26. Rg6 b6 27. Re3 Bb7 28. f4 $1 {Adding a passed pawn(or
two) to my opponent's list of woes.} Rh7 {Not ideal, but otherwise the
kingside collapses.} 29. f5 $18 Be7 30. Rd3+ Ke8 31. Rg8+ $1 {Exchanging rooks
is the simplest way to do it. I hadn't seen right to the end, but this puts
his pieces into such disarray that I assumed some sort of combination would
show up.} Kf7 32. Rxa8 Bxa8 33. Rd7 Kg8 {only way to deal with threat of f6.}
34. Rxc7 Be4 35. Bd6 $1 {The cleanest kill. Black resigns.} Bd8 (35... Kf8 36.
Rxe7 Rxe7 37. f6) (35... Bxd6 36. Nf6+ Kf8 37. Nxh7+ Ke8 38. Nf6+ Kd8 39. Rd7+)
36. Rc8 Rd7 37. Nf6+ 1-0

[Event "EU-Cup 18th"]
[Site "Kallithea"]
[Date "2002.09.27"]
[Round "6.5"]
[White "Rozentalis, Eduardas"]
[Black "Yemelin, Vasily"]
[Result "1-0"]
[WhiteElo "2564"]
[BlackElo "2534"]
[Annotator "Rozentalis,E"]
[PlyCount "83"]
[EventDate "2002.09.22"]
[EventType "team-swiss"]
[EventRounds "7"]
[EventCountry "GRE"]
[SourceTitle "CBM 092"]
[Source "ChessBase"]
[SourceDate "2003.02.06"]
[SourceVersion "1"]
[SourceVersionDate "2003.02.06"]
[SourceQuality "1"]
[WhiteTeam "Warsaw Polonia"]
[BlackTeam "Kiseljak"]
[WhiteTeamCountry "POL"]
[BlackTeamCountry "BIH"]

1. e4 e5 2. Nf3 Nc6 3. Bb5 Nf6 4. O-O Nxe4 5. d4 Nd6 6. Bxc6 dxc6 7. dxe5 Nf5
8. Qxd8+ Kxd8 9. Nc3 Ke8 10. h3 h6 11. Ne2 g6 $6 $146 {[New move. Black wants
to move his knight to e6 via g7. On the other hand, f6 square is weak now.]}
12. b3 (12. g4 Ng7 {[xe6]}) 12... Be6 (12... Ng7 {would be too slow:} 13. Bb2
Ne6 14. Ng3) 13. Nf4 Bd5 14. Nxd5 cxd5 15. Bb2 Rg8 ({After} 15... Bg7 16. Rad1
c6 17. c4 dxc4 18. bxc4 Rd8 19. g4 Ne7 20. Ba3 {White also has some pressure.})
16. Rad1 Rd8 17. Rd3 ({It is better than} 17. c4 dxc4 18. bxc4 Be7 $14) 17...
Be7 18. Rfd1 c6 19. c4 dxc4 20. Rxd8+ (20. bxc4 $6 Rxd3 21. Rxd3 Ng7 22. Nd2
Ne6 23. Ne4 Nc5 $11) 20... Bxd8 21. bxc4 Be7 ({Or} 21... Ng7 22. Nd2 Ne6 23.
Ne4 $16) 22. Bc1 (22. Nd2 Kd7) 22... g5 (22... h5 23. Ng5 $16) 23. g4 Ng7 24.
Be3 b6 25. Rd3 (25. Nd2 Kd7) ({The best was} 25. Nd4 Kd7 26. Nb5+ Kc8 27. Nd6+
({but not} 27. Nxa7+ $2 Kc7 28. Rb1 Bc5 $1) 27... Bxd6 28. Rxd6 Ne6 29. Rxc6+
$16) 25... Ne6 26. Nd2 f6 (26... Nc5 27. Bxc5 Bxc5 28. Ne4 $16) 27. exf6 Bxf6
28. c5 $1 ({Immediate} 28. Rd6 {is bad:} Ke7 29. Ne4 Be5 30. Rxc6 $2 Rd8 $1 (
30... Kd7 $2 31. Rd6+ $1) 31. c5 Rd1+ 32. Kg2 Kd7 $17) 28... bxc5 29. Rd6 Ke7
30. Rxc6 Bd4 31. Ra6 Rb8 32. Ne4 (32. Rxa7+ {gives Black some counterplay after
} Kf6 {or} (32... Kd6)) 32... Rb7 33. Kg2 (33. Bxd4 Rb1+ (33... cxd4 $2 34.
Rxe6+ $18) 34. Kg2 cxd4 35. Rxa7+ Kd8 36. Kf3 d3 {and Black again gains good
counterplay.}) 33... Bxe3 ({Black can't hold the position also in case of} 
33... Rc7 34. Nd6 Bxe3 35. fxe3 c4 36. Nb5 Rb7 37. a4 $1 (37. Rxa7 $2 Rxa7 38.
Nxa7 c3 39. Nc6+ Kd6 40. Nb4 Kc5) 37... Nc5 38. Rxh6 $18) 34. fxe3 Rc7 35. Nc3
{[xd5]} Rd7 36. Kf3 Kf7 37. Ne4 Rd1 ({Active pieces are dominating. Black is
loosing:} 37... Ke7 38. Rxe6+ $18) (37... c4 38. Nd6+ $18) (37... Rc7 38. Nd6+
Ke7 39. Nb5 $18) 38. Rxa7+ Kf8 39. Rh7 c4 40. Rxh6 Kf7 41. Ke2 Rd5 (41... Ra1
42. Nd6+) 42. Rf6+ (42. Rf6+ Ke7 43. Rf5 $18) 1-0